000 00871nam a2200265 i 4500
003 DO-SdBNP
005 20240628113347.0
007 ta
008 240628s2024 dr 000 j spa d
020 _a9789945188288
040 _aDO-SdBNP
_bspa
_cBNPHU
_erda
082 _bH557
_222
100 1 _aHernández de Mauricio, Betty
_eautora
_985892
245 1 0 _aSer mujer /
_cBetty Hernández de Mauricio ; presentación Milagros Germán Olalla
264 1 _aSanto Domingo :
_bBúho,
_c2024.
300 _a92 páginas,
_c23 cm.
336 _2rdacontent
_atexto
_btxt
337 _2rdamedia
_asin mediación
_bn
338 _2rdacarrier
_avolumen
_bnc
500 _aIncluye datos biografícos de la autora en la contraportada.
590 _aInventariado, 2024/ YL
700 1 _aGermán Olalla, Milagros
_epresentación
_985884
910 _aYLockward
942 _2ddc
_cLBS1
999 _c57067
_d57067